Trilombo [juego] : ingenio /

Guardado en:
Formato: Objeto Físico
Publicado: Argentina : Lugano Toys, [199?]
Materias:
Etiquetas: Agregar Etiqueta
Sin Etiquetas, Sea el primero en etiquetar este registro!
LEADER 00694nrm a22001575g 4500
001 CEM.cems019252
008 130507b199?##################0###0#####d
005 20220830101559.0
003 CEMS
245 0 0 |a Trilombo [juego] :  |b ingenio /  |c Lugano Toys 
260 |a Argentina :  |b Lugano Toys,  |c [199?] 
300 |a 3 juegos(16 piezas triangulares de cartón en cada uno) ; en caja 28 x 28 x 4 cm. + instrucciones. 
500 |a Para 1 ó más jugadores a partir de 4 años objetivo:armar un gran triángulo con 16 piezas triangulares, haciendo que los lados de las piezas coincidan entre si. 
082 0 4 |a J793.73 
653 |a 1. juegos de rompecabezas 
859 |a CEMS  |b BIB. CEMS - Ludoteca  |h J793.73  |i L957  |p 129.97  |t Ej.1